Čáp ztratil čepičku /

Uloženo v:
Hlavní autor: Král, Robin, 1981- (Autor)
Další autoři: Vostradovská, Tereza, 1988- (Autor)
Médium: Kniha
Jazyk:Czech
Vydáno: Praha : Běžíliška, 2022
Vydání:Vydání první
Témata:
Celkem bylo vypůjčeno:0x
Tagy:
Žádné tagy
LEADER 01700nam a2200457 i 4500
001 106727
003 CZ PrNK
005 20260703105554.0
007 ta
008 221208s2022 xr a b 000 p cze
015 |a cnb003469912 
020 |a 9788088360193  |q (leporelo) :  |c Kč 300,00 
040 |a ABG001  |b cze  |d OLA001  |e rda 
072 7 |a 821.162.3-1  |x Česká poezie  |2 Konspekt  |9 25 
072 7 |a 821-93  |x Literatura pro děti a mládež (beletrie)  |2 Konspekt  |9 26 
080 |a 821.162.3-1  |2 MRF 
080 |a 821-93  |2 MRF 
080 |a (0:82-1)  |2 MRF 
080 |a (0.025.2)  |2 MRF 
100 1 |a Král, Robin,  |d 1981-  |7 jo2007399814  |4 aut  |9 108456 
245 1 0 |a Čáp ztratil čepičku /  |c Robin Král & Tereza Vostradovská 
250 |a Vydání první 
264 1 |a Praha :  |b Běžíliška,  |c 2022 
300 |a 12 nečíslovaných stran :  |b barevné ilustrace ;  |c 16 x 25 cm 
336 |a text  |b txt  |2 rdacontent 
336 |a statický obraz  |b sti  |2 rdacontent 
337 |a bez média  |b n  |2 rdamedia 
338 |a svazek  |b nc  |2 rdacarrier 
500 |a "Napsal Robin Král a ilustrovala Tereza Vostradovská"--Tiráž 
500 |a Kartonové listy 
655 7 |a česká poezie  |7 fd133958  |2 czenas  |9 54025 
655 7 |a leporela  |7 fd132727  |2 czenas  |9 53691 
655 7 |a publikace pro děti  |7 fd133156  |2 czenas  |9 23 
655 9 |a Czech poetry  |2 eczenas 
655 9 |a folding picture-books  |2 eczenas 
655 9 |a children's literature  |2 eczenas 
700 1 |a Vostradovská, Tereza,  |d 1988-  |7 xx0201658  |4 ill  |9 30969 
910 |a UOG502 
942 |2 ddc  |c KN 
999 |d 106727 
993 |0 0  |1 421180107457  |2 ddc  |4 0  |7 0  |9 100242  |b 0  |c 107457  |d 2026-07-03  |e 0  |f M  |h 300.00  |i Koupě  |l M  |r 2026-07-03  |t 8  |w 2026-07-03  |y KN  |z LEPO  |n